000 00227nam a2200085Ia 4500
245 0 _aCanham : Kill the president
100 _a BOWERY, Michael Petervale, 2006
942 _cBK
008 210818s9999 xx 000 0 und d
999 _c475358
_d475357